| 000 | 005560000a22001810004500 | ||
|---|---|---|---|
| 003 | MACL | ||
| 005 | 20160413132144.0 | ||
| 008 | 160413b xxu||||| |||| 00| 0 eng d | ||
| 040 |
_aMACL _cMACL |
||
| 041 | _aHindi | ||
| 082 | _a100 | ||
| 100 |
_aतन्मय _945677 |
||
| 245 | _aमानव धर्म का विज्ञान | ||
| 260 |
_bमानव धर्म प्रशिक्षण संस्थान _c2005 _aनई दिल्ली |
||
| 350 | _a450 | ||
| 650 |
_aPhilisophy _952173 |
||
| 942 |
_cHIN _k100 _2ddc |
||
| 999 |
_c10876 _d10876 |
||